| 000 | 00681nam a22002175a 4500 | ||
|---|---|---|---|
| 001 | 16547018 | ||
| 005 | 20171128112945.0 | ||
| 008 | 101119s2011 ohu 000 0 eng | ||
| 010 | _a 2010941460 | ||
| 020 | _a1111136033 | ||
| 020 | _a9781111136031 | ||
| 082 |
_222 _a620.11292 _bGER |
||
| 100 | 1 |
_926026 _aGere, James M. |
|
| 245 | 1 | 0 |
_aMechanics of Materials : _bBrief Edition, si version / _cJames M. Gere, Barry J. Goodno. |
| 260 |
_aMason, OH : _bCengage Learning, _c2012. |
||
| 300 |
_a598 p. : _bill. ; _c25 cm. |
||
| 650 |
_aMaterials _xMechanical properties _932876 |
||
| 653 |
_bMec _cMarch2013 |
||
| 700 |
_aGoodno, Barry J. _932877 |
||
| 942 |
_2ddc _cBB |
||
| 999 |
_c17371 _d17343 |
||